000 00919nam0a22002891 4500
001 rc\2278403
005 20250623033613.0
035 _a(NLR Aleph) 006548596
090 _a6714919
_c6714919
100 _a20110829d1979 |||y0rusy50 ca
101 0 _arus
102 _aRU
105 _ay z |||||
200 1 _aОбмен минеральных веществ у животных
210 _aФрунзе
_cИлим
_d1979
215 _a159 с.
_d22
300 _aВ надзаг.: АН КиргССР, Ин-т биохимии и физиологии
320 _aБиблиогр.: с. 151-157 (127 назв.)
686 _aП527.252,0
_2rubbk
700 1 _aОдынец
_bР.Н.
_f1911
_gРаиса Николаевна
801 0 _aRU
_bNLR
_gpsbo
801 1 _aRU
_bELAR
_2rusmarc
852 _aNLR
_j79-5/5261
899 _aRuMoRGB
_jB 79-38/275
899 _aRuMoRGB
_jB 79-38/276
942 _cBOOK
980 _aNB